New York Mets Players - Sudden Death - Statistics

General Stats
  • This quiz has been taken 265 times
    246 since last reset
  • The average score is 11 of 16
Answers on the Grid
Answers color-coded by a green-red scale on the quiz's grid according to % correct below.
Bernie Williams
Chris Sale
Clayton Kershaw
Cleon Jones
Corey Seager
David Ortiz
Felix Hernandez
Fernando Tatis Jr.
Francisco Lindor
Ken Griffey Jr.
Harrison Bader
Howard Johnson
Hubie Brooks
Jerry Koosman
Johnny Bench
Jose Canseco
Jose Reyes
Juan Soto
Keith Hernandez
Kirby Puckett
Nolan Ryan
Paul O'Neil
Pedro Martinez
Rey Ordonez
Roberto Clemente
Roger Clemens
Sid Fernandez
Tom Seaver
Wally Backman
Willie Mays
 
Answer Stats
Answer % Correct
Juan Soto
89%
Francisco Lindor
88%
Tom Seaver
83%
Jose Reyes
80%
Harrison Bader
78%
Willie Mays
76%
Keith Hernandez
74%
Nolan Ryan
69%
Jerry Koosman
63%
Pedro Martinez
61%
Howard Johnson
60%
Cleon Jones
56%
Sid Fernandez
50%
Rey Ordonez
49%
Wally Backman
41%
Hubie Brooks
38%
No matching quizzes found
Score Distribution
Percent of People with Each Score
Percentile by Number Answered
Your Score History
You have not taken this quiz since the last reset